Les films de Warner Bros depuis 1999 - Statistiques

Statistiques générales
  • Ce quiz a été pris 50 fois
  • Le résultat moyen est 16 sur 66
Statistiques - réponses
Année de production Réalisateur Réponse % Correct
2001 Chris Columbus Harry Potter à l'école des sorciers
58%
2004 Alfonso Cuarón Harry Potter et le prisonnier d'Azkaban
58%
1999 Les Wachowski Matrix
58%
2002 Chris Columbus Harry Potter et la chambre des secrets
56%
2005 Mike Newell Harry Potter et la coupe de feu
53%
2009 David Yates Harry Potter et le prince de sang-mêlé
51%
2005 Christopher Nolan Batman Begins
49%
2007 David Yates Harry Potter et l'ordre du phénix
49%
2014 Christopher Nolan Interstellar
44%
2003 Les Wachowski Matrix Reloaded
44%
2021 Denis Villeneuve Dune
40%
2017 Christopher Nolan Dunkerque
40%
2004 Clint Eastwood Million Dollar Baby
40%
2020 Christopher Nolan Tenet
40%
1999 Stanley Kubrick Eyes Wide Shut
37%
2010 David Yates Harry Potter et les Reliques de la Mort: Partie 1
37%
2011 David Yates Harry Potter et les Reliques de la Mort: Partie 2
37%
2003 Les Wachowski Matrix Revolutions
37%
2012 Christopher Nolan The Dark Knight Rises
37%
1999 Frank Darabont La Ligne Verte
30%
2006 Christopher Nolan Le Prestige
30%
2019 Todd Phillips Joker
28%
2006 Martin Scorsese Les Infiltrés
28%
2015 George Miller Mad Max: Fury Road
28%
2005 Tim Burton Charlie et la chocolaterie
26%
2016 David Yates Les Animaux Fantastiques
26%
2017 Patty Jenkins Wonder Woman
26%
2018 Bradley Cooper A Star Is Born
23%
2017 Andrés Muschietti Ça
21%
2013 Alfonso Cuarón Gravity
21%
2018 Clint Eastwood La Mule
21%
2013 Peter Jackson Le Hobbit : La Désolation de Smaug
21%
2018 Steven Spielberg Ready Player One
21%
2016 David Ayer Suicide Squad
21%
2008 Christopher Nolan The Dark Knight: Le Chevalier Noir
21%
2018 James Wan Aquaman
19%
2013 Baz Luhrmann Gatsby le Magnifique
19%
1999 Brad Bird Le Géant de fer
19%
2014 Peter Jackson Le Hobbit : La Bataille des Cinq Armées
19%
2012 Peter Jackson Le Hobbit : Un voyage inattendu
19%
2001 Steven Soderbergh Ocean's Eleven
19%
2007 Steven Soderbergh Ocean's Thirteen
19%
2004 Steven Soderbergh Ocean's Twelve
19%
2013 Denis Villeneuve Prisoners
19%
2004 Martin Scorsese Aviator
16%
2017 Denis Villeneuve Blade Runner 2049
16%
2006 George Miller Happy Feet
16%
2009 Clint Eastwood Invictus
16%
2020 Patty Jenkins Wonder Woman 1984
14%
2016 Zack Snyder Batman v Superman : L'Aube de la Justice
9%
2011 Martin Campbell Green Lantern
9%
2021 Lana Wachowski Matrix 4
9%
2001 Steven Spielberg A.I Intelligence Artificielle
7%
2019 Andrés Muschietti Ça: Chapitre 2
7%
2016 Clint Eastwood Sully
7%
2014 Clint Eastwood American Sniper
5%
2020 Cathy Yan Birds of Prey
5%
2015 Ryan Coogler Creed : L'Héritage de Rocky Balboa
5%
2007 Francis Lawrence Je suis une légende
5%
2005 Michael Bay The Island
5%
2019 Shazam! David F. Sandberg
2%
2000 Clint Eastwood Space Cowboys
2%
2014 Chris Renaud Comme des bêtes
0%
2002 Clint Eastwood Créance de sang
0%
2021 Shaka King Judas and the Black Messiah
0%
2019 Pokémon : Détective Pikachu Rob Letterman
0%
Aucun quiz correspondant
Distribution des résultats
% des personnes avec chaque résultat
Percentile par nombre de réponses
Votre historique - résultats
Vous n’avez pas pris ce quiz